<?xml version="1.0" encoding="UTF-8"?><?xml-stylesheet type="text/xsl" href="static/style.xsl"?><OAI-PMH xmlns="http://www.openarchives.org/OAI/2.0/" xmlns:xsi="http://www.w3.org/2001/XMLSchema-instance" xsi:schemaLocation="http://www.openarchives.org/OAI/2.0/ http://www.openarchives.org/OAI/2.0/OAI-PMH.xsd"><responseDate>2026-04-13T03:03:20Z</responseDate><request verb="GetRecord" identifier="oai:www.recercat.cat:2117/131930" metadataPrefix="marc">https://recercat.cat/oai/request</request><GetRecord><record><header><identifier>oai:recercat.cat:2117/131930</identifier><datestamp>2025-07-17T11:53:00Z</datestamp><setSpec>com_2072_1033</setSpec><setSpec>col_2072_452950</setSpec></header><metadata><record xmlns="http://www.loc.gov/MARC21/slim" xmlns:dcterms="http://purl.org/dc/terms/" xmlns:xsi="http://www.w3.org/2001/XMLSchema-instance" xmlns:doc="http://www.lyncode.com/xoai" xsi:schemaLocation="http://www.loc.gov/MARC21/slim http://www.loc.gov/standards/marcxml/schema/MARC21slim.xsd">
   <leader>00925njm 22002777a 4500</leader>
   <datafield ind2=" " ind1=" " tag="042">
      <subfield code="a">dc</subfield>
   </datafield>
   <datafield ind2=" " ind1=" " tag="260">
      <subfield code="c">2017-12</subfield>
   </datafield>
   <datafield ind2=" " ind1=" " tag="520">
      <subfield code="a">Els polígons industrials conformen els espais físics on s’allotja&#xd;
actualment la major part del teixit industrial del país, però no&#xd;
són pas considerats al mateix nivell que les infraestructures&#xd;
civils o els barris urbans.&#xd;
Què cal fer, en un futur immediat, per a consolidar les indústries&#xd;
establertes en aquests polígons i atraure noves indústries i, per&#xd;
tant, permetre la creació de més activitat, riquesa, benestar i nous&#xd;
llocs de treball?&#xd;
Quines accions de rehabilitació integral i d’adequació a les&#xd;
noves exigències tecnològiques podrien aportar als polígons més&#xd;
competitivitat, unes millors prestacions i menys impacte ambiental?&#xd;
La universitat, en aquest cas la UPC, per la seva missió i posició,&#xd;
vol impulsar la recerca i desenvolupament d’aquestes accions perquè&#xd;
s’hi sent compromesa, tal com en dècades passades ho va fer&#xd;
col·laborant en la rehabilitació del parc d’habitatges socials. El grup&#xd;
de recerca LiTA (Laboratori d’Innovació i Tecnologia a l’Arquitectura) assumeix el repte de promoure aquesta jornada de trobada&#xd;
i debat de la comunitat tècnica, econòmica i social preocupada pel&#xd;
futur compartit dels polígons industrials.</subfield>
   </datafield>
   <datafield ind2=" " ind1=" " tag="520">
      <subfield code="a">Postprint (published version)</subfield>
   </datafield>
   <datafield tag="653" ind2=" " ind1=" ">
      <subfield code="a">Àrees temàtiques de la UPC::Urbanisme::Ordenació del territori</subfield>
   </datafield>
   <datafield tag="653" ind2=" " ind1=" ">
      <subfield code="a">Industrial districts</subfield>
   </datafield>
   <datafield tag="653" ind2=" " ind1=" ">
      <subfield code="a">Poligons industrials</subfield>
   </datafield>
   <datafield tag="653" ind2=" " ind1=" ">
      <subfield code="a">Catalunya</subfield>
   </datafield>
   <datafield tag="653" ind2=" " ind1=" ">
      <subfield code="a">Urbanització</subfield>
   </datafield>
   <datafield tag="653" ind2=" " ind1=" ">
      <subfield code="a">Polígons industrials</subfield>
   </datafield>
   <datafield ind2="0" ind1="0" tag="245">
      <subfield code="a">Jornada REfabriCAT.2017 : estratègies i tecnologies per al futur dels espais urbans de la indústria a Catalunya</subfield>
   </datafield>
</record></metadata></record></GetRecord></OAI-PMH>